| 000 | 00670nam a2200217 a 4500 | ||
|---|---|---|---|
| 005 | 20180803165003.0 | ||
| 008 | 140305s1991 ck fr|||| 000 0 spa d | ||
| 040 |
_aCO-BoIAVH _cCO-BoIAVH |
||
| 041 | 0 | _aspa | |
| 044 | _ack | ||
| 082 | 0 | 4 |
_a305.868728 _bZ94d |
| 100 | 1 | _aZuluaga Gómez, Victor | |
| 245 |
_aDioses, demonios y brujos de la comunidad indígena Chamí / _cVictor Zuluaga Gómez |
||
| 260 |
_aPereira : _bEditorial Gráfica Olímpica, _c1991. |
||
| 300 |
_a239 páginas ; _c21 x 14 cm. |
||
| 650 | 6 | _aComunidad Chami | |
| 650 | 6 | _aCultura | |
| 650 | 6 | _aConocimiento tradicional | |
| 662 | _aColombia | ||
| 942 |
_cLIBRO _2ddc |
||
| 999 |
_c2295 _d2295 |
||